Malvino electronic principles (Record no. 66268)

000 -LEADER
fixed length control field 00493nam a22001937a 4500
003 - CONTROL NUMBER IDENTIFIER
control field NUST - PNEC
005 - DATE AND TIME OF LATEST TRANSACTION
control field 20170116180945.0
008 - FIXED-LENGTH DATA ELEMENTS--GENERAL INFORMATION
fixed length control field 150907b xxu||||| |||| 00| 0 eng d
020 ## - INTERNATIONAL STANDARD BOOK NUMBER
International Standard Book Number 0028028333
020 ## - INTERNATIONAL STANDARD BOOK NUMBER
International Standard Book Number 0074637282
040 ## - CATALOGING SOURCE
Transcribing agency LIBRARY
082 ## - DEWEY DECIMAL CLASSIFICATION NUMBER
Classification number 621.381 MAL
100 ## - MAIN ENTRY--PERSONAL NAME
9 (RLIN) 8920
Personal name Malvind, A. P.
245 ## - TITLE STATEMENT
Title Malvino electronic principles
Statement of responsibility, etc. Albert Paul Malvind
250 ## - EDITION STATEMENT
Edition statement 6th ed.
260 ## - PUBLICATION, DISTRIBUTION, ETC.
Date of publication, distribution, etc. c.1999
650 ## - SUBJECT ADDED ENTRY--TOPICAL TERM
9 (RLIN) 8922
Topical term or geographic name entry element Electronic engineering
General subdivision EL, EE
942 ## - ADDED ENTRY ELEMENTS (KOHA)
Source of classification or shelving scheme
Koha item type Book
Holdings
Withdrawn status Lost status Source of classification or shelving scheme Damaged status Not for loan Permanent Location Current Location Shelving location Date acquired Total Checkouts Full call number Barcode Date last seen Price effective from Koha item type Date last checked out
          Pakistan Navy Engineering College (PNEC) Pakistan Navy Engineering College (PNEC)       621.381 MAL PNECLIB-011228 09/07/2015   Book  
          Pakistan Navy Engineering College (PNEC) Pakistan Navy Engineering College (PNEC)       621.381 MAL PNECLIB-028719 09/23/2015   Book  
          Pakistan Navy Engineering College (PNEC) Pakistan Navy Engineering College (PNEC)     2 621.381 MAL PNECLIB-028746 06/16/2016   Book 02/01/2016
© 2023 Central Library, National University of Sciences and Technology. All Rights Reserved.